000 00740nam a2200229Ia 4500
003 OSt
005 20200805135511.0
008 191128s1980 ck fq 001 0 spa d
040 _aCO-JMCR
_cCO-JMCR
041 0 _aspa
082 0 4 _a343.056 /
_bI123c
_223
100 1 _aIbarra Pardo, Martín Gustavo,
_eautor
_98442
245 1 0 _aCódigo de aduanas de Colombia /
_cMartín Gustavo Ibarra Pardo
250 _a2a. edición
260 _aBogotá :
_bLegis,
_c1980
300 _a349 páginas ;
_c23 cm.
500 _aIncluye índice alfabético.
650 1 4 _aNormas orgánicas
_zColombia
_98443
650 1 4 _aReglamentos doctrina y jurisprudencia
_zColombia
_98444
650 1 4 _aReglamentos de aduanas
_zColombia
_98445
942 _2ddc
_cBK
999 _c5902
_d5902